Juego y nación: postmodernismo y vanguardia en Venezuela /
Uloženo v:
| Hlavní autor: | |
|---|---|
| Médium: | Neznámo |
| Jazyk: | Spanish |
| Vydáno: |
Venezuela :
Fundarte: Alcaldía de Caracas,
1995.
|
| Témata: | |
| Tagy: |
Přidat tag
Žádné tagy, Buďte první, kdo vytvoří štítek k tomuto záznamu!
|
MARC
| LEADER | 000000000a22000000004500 | ||
|---|---|---|---|
| 001 | 003676 | ||
| 020 | |a 9802532657 | ||
| 041 | 0 | |a spa | |
| 082 | 0 | 4 | |a V864.09 |b L339j |
| 100 | 1 | |a Lasarte Valcarcel, Javier | |
| 245 | 1 | 0 | |a Juego y nación: postmodernismo y vanguardia en Venezuela / |c Javier Lasarte Valcarcel. |
| 260 | 1 | |a Venezuela : |b Fundarte: Alcaldía de Caracas, |c 1995. | |
| 300 | |a 156 páginas ; |c 22 cm. | ||
| 500 | |a La biblioteca contiene dos ejemplares, uno donado por George Yúdice | ||
| 650 | 4 | |a LITERATURA VENEZOLANA | |
| 650 | 4 | |a CUENTOS | |
| 650 | 4 | |a HISTORIA Y CRITICA | |
| 650 | 4 | |a NOVELA | |
| 650 | 4 | |a SIGLO XX | |
| 999 | |c 10146 |d 10146 | ||
| 942 | |c BK |h V864.09 L339j |2 z | ||



